| 000 | 00752nam a22002417a 4500 | ||
|---|---|---|---|
| 999 |
_c8232 _d8232 |
||
| 003 | AR-CdUCM | ||
| 008 | 190322b ||||| |||| 00| 0 spa d | ||
| 040 |
_aMUNICIPALIDAD PROVINCIAL DEL CUSCO _cBIBLIOTECA MUNICIPAL DEL CUSCO |
||
| 082 |
_a868.61 / _bAZ98 |
||
| 100 |
_aAzorín _9580 |
||
| 245 | _aProsas selectas / | ||
| 260 |
_aMéxico : _bSecretaría de educación pública, _c1946. |
||
| 300 |
_a94 páginas ; _c19 cm. |
||
| 440 |
_aBiblioteca enciclopedia popular. _n88 _923176 |
||
| 500 | _aDonación familia Nieto. | ||
| 650 |
_aPoesías _92272 |
||
| 650 |
_aProsa _92210 |
||
| 650 |
_aEnsayos españoles _9576 |
||
| 650 |
_aSiglo XX _98 |
||
| 700 |
_aBasave, Agustín (selección y prólogo) _923177 |
||
| 942 |
_2ddc _cLIBROS |
||
| 945 | _azta | ||